Journal of technical writing and communication.

Bibliographic Details
Format: Journal
Language:English
Published: Farmingdale, N.Y. : Baywood Pub. Co.
Subjects:
Online Availability: Check for online availability

MARC

Tag First Indicator Second Indicator Subfields
LEADER 00000cas a22000001 4500
001 in00000068054
005 20151008051331.0
008 740606c19719999nyuqr1p 0uuua0eng
010 |a  79618785  
012 |a u  |b 1  |c -  |d 7  |e n  |f -  |g p  |h -  |i ----  |l 1 
022 |a 0047-2816 
030 |a JTWCAA 
035 |a (OCoLC)01800187 
035 |9 AAG7249AM 
037 |b 43 Central Drive, 11735 
037 |c $33.00 
040 |a DLC  |c DLC  |d NSD  |d DLC  |d NSD  |d TXA  |d UtOrBLW 
042 |a lc  |a nsdp 
049 |a TXAE 
050 0 0 |a T11  |b .J66 
082 0 |a 808/.066/602105 
210 0 |a J. tech. writ. commun. 
222 0 |a Journal of technical writing and communication 
245 0 0 |a Journal of technical writing and communication. 
246 1 0 |a Technical writing and communication 
264 1 |a Farmingdale, N.Y. :  |b Baywood Pub. Co. 
300 |a  volumes ;  |c 23 cm.  |a quarterly. 
336 |a text  |b txt  |2 rdacontent 
337 |a unmediated  |b n  |2 rdamedia 
338 |a volume  |b nc  |2 rdacarrier 
362 0 |a v. 1- Jan. 1971- 
510 0 |a Engineering index annual  |x 0360-8557 
510 0 |a Engineering index monthly  |x 0013-7960 
650 0 |a Technical writing  |x Periodicals. 
999 |a MARS 
999 f f |s b0b1a74e-0f4b-3f75-9838-9be3e847380c  |i 6394ef16-b297-3513-8e41-ef3b2c35f834  |t 0 
952 f f |p ric  |a Texas A&M University  |b Rellis Campus  |c Joint Library Facility  |d Remote Storage  |t 0  |e T11 .J66  |h Library of Congress classification  |i unmediated -- volume  |k v.20  |l 1990  |m A14815167848 
952 f f |p ric  |a Texas A&M University  |b Rellis Campus  |c Joint Library Facility  |d Remote Storage  |t 0  |e T11 .J66  |h Library of Congress classification  |i unmediated -- volume  |k v.39  |l 2009  |m A14839115512 
952 f f |p ric  |a Texas A&M University  |b Rellis Campus  |c Joint Library Facility  |d Remote Storage  |t 0  |e T11 .J66  |h Library of Congress classification  |i unmediated -- volume  |k v.6  |l 1976  |m A14839176330 
952 f f |p ric  |a Texas A&M University  |b Rellis Campus  |c Joint Library Facility  |d Remote Storage  |t 0  |e T11 .J66  |h Library of Congress classification  |i unmediated -- volume  |k v.43  |l 2013  |m A14842837966 
952 f f |p ric  |a Texas A&M University  |b Rellis Campus  |c Joint Library Facility  |d Remote Storage  |t 0  |e T11 .J66  |h Library of Congress classification  |i unmediated -- volume  |k v.7  |l 1977  |m A14816923182 
952 f f |p ric  |a Texas A&M University  |b Rellis Campus  |c Joint Library Facility  |d Remote Storage  |t 0  |e T11 .J66  |h Library of Congress classification  |i unmediated -- volume  |k v.24  |l 1994  |m A14820280651 
952 f f |p ric  |a Texas A&M University  |b Rellis Campus  |c Joint Library Facility  |d Remote Storage  |t 0  |e T11 .J66  |h Library of Congress classification  |i unmediated -- volume  |k v.42  |l 2012  |m A14842837974 
952 f f |p ric  |a Texas A&M University  |b Rellis Campus  |c Joint Library Facility  |d Remote Storage  |t 0  |e T11 .J66  |h Library of Congress classification  |i unmediated -- volume  |k v.44  |l 2014  |m A14842837958 
952 f f |p ric  |a Texas A&M University  |b Rellis Campus  |c Joint Library Facility  |d Remote Storage  |t 0  |e T11 .J66  |h Library of Congress classification  |i unmediated -- volume  |k v.3  |l 1973  |m A14839176364 
952 f f |p ric  |a Texas A&M University  |b Rellis Campus  |c Joint Library Facility  |d Remote Storage  |t 0  |e T11 .J66  |h Library of Congress classification  |i unmediated -- volume  |k v.29  |l 1999  |m A14827274415 
952 f f |p ric  |a Texas A&M University  |b Rellis Campus  |c Joint Library Facility  |d Remote Storage  |t 0  |e T11 .J66  |h Library of Congress classification  |i unmediated -- volume  |k v.12-13  |l 1982/1983  |m A14808865972 
952 f f |p ric  |a Texas A&M University  |b Rellis Campus  |c Joint Library Facility  |d Remote Storage  |t 0  |e T11 .J66  |h Library of Congress classification  |i unmediated -- volume  |k v.9  |l 1979  |m A14812124655 
952 f f |p ric  |a Texas A&M University  |b Rellis Campus  |c Joint Library Facility  |d Remote Storage  |t 0  |e T11 .J66  |h Library of Congress classification  |i unmediated -- volume  |k v.22  |l 1992  |m A14817943517 
952 f f |p ric  |a Texas A&M University  |b Rellis Campus  |c Joint Library Facility  |d Remote Storage  |t 0  |e T11 .J66  |h Library of Congress classification  |i unmediated -- volume  |k v.34  |l 2004  |m A14833682799 
952 f f |p ric  |a Texas A&M University  |b Rellis Campus  |c Joint Library Facility  |d Remote Storage  |t 0  |e T11 .J66  |h Library of Congress classification  |i unmediated -- volume  |k v.36  |l 2006  |m A14836138456 
952 f f |p ric  |a Texas A&M University  |b Rellis Campus  |c Joint Library Facility  |d Remote Storage  |t 0  |e T11 .J66  |h Library of Congress classification  |i unmediated -- volume  |k v.25  |l 1995  |m A14820280708 
952 f f |p ric  |a Texas A&M University  |b Rellis Campus  |c Joint Library Facility  |d Remote Storage  |t 0  |e T11 .J66  |h Library of Congress classification  |i unmediated -- volume  |k v.5  |l 1975  |m A14839176526 
952 f f |p ric  |a Texas A&M University  |b Rellis Campus  |c Joint Library Facility  |d Remote Storage  |t 0  |e T11 .J66  |h Library of Congress classification  |i unmediated -- volume  |k v.21  |l 1991  |m A14815685684 
952 f f |p ric  |a Texas A&M University  |b Rellis Campus  |c Joint Library Facility  |d Remote Storage  |t 0  |e T11 .J66  |h Library of Congress classification  |i unmediated -- volume  |k v.31  |l 2001  |m A14830653822 
952 f f |p ric  |a Texas A&M University  |b Rellis Campus  |c Joint Library Facility  |d Remote Storage  |t 0  |e T11 .J66  |h Library of Congress classification  |i unmediated -- volume  |k v.30  |l 2000  |m A14830653783 
952 f f |p ric  |a Texas A&M University  |b Rellis Campus  |c Joint Library Facility  |d Remote Storage  |t 0  |e T11 .J66  |h Library of Congress classification  |i unmediated -- volume  |k v.28  |l 1998  |m A14824947970 
952 f f |p ric  |a Texas A&M University  |b Rellis Campus  |c Joint Library Facility  |d Remote Storage  |t 0  |e T11 .J66  |h Library of Congress classification  |i unmediated -- volume  |k v.35  |l 2005  |m A14834641013 
952 f f |p ric  |a Texas A&M University  |b Rellis Campus  |c Joint Library Facility  |d Remote Storage  |t 0  |e T11 .J66  |h Library of Congress classification  |i unmediated -- volume  |k v.38  |l 2008  |m A14838470749 
952 f f |p ric  |a Texas A&M University  |b Rellis Campus  |c Joint Library Facility  |d Remote Storage  |t 0  |e T11 .J66  |h Library of Congress classification  |i unmediated -- volume  |k v.1  |l 1971  |m A14839176453 
952 f f |p ric  |a Texas A&M University  |b Rellis Campus  |c Joint Library Facility  |d Remote Storage  |t 0  |e T11 .J66  |h Library of Congress classification  |i unmediated -- volume  |k v.40  |l 2010  |m A14839661181 
952 f f |p ric  |a Texas A&M University  |b Rellis Campus  |c Joint Library Facility  |d Remote Storage  |t 0  |e T11 .J66  |h Library of Congress classification  |i unmediated -- volume  |k v.23  |l 1993  |m A14817943567 
952 f f |p ric  |a Texas A&M University  |b Rellis Campus  |c Joint Library Facility  |d Remote Storage  |t 0  |e T11 .J66  |h Library of Congress classification  |i unmediated -- volume  |k v.14-15  |l 1984-1985  |m A14812173094 
952 f f |p ric  |a Texas A&M University  |b Rellis Campus  |c Joint Library Facility  |d Remote Storage  |t 0  |e T11 .J66  |h Library of Congress classification  |i unmediated -- volume  |k v.41  |l 2011  |m A14842837982 
952 f f |p ric  |a Texas A&M University  |b Rellis Campus  |c Joint Library Facility  |d Remote Storage  |t 0  |e T11 .J66  |h Library of Congress classification  |i unmediated -- volume  |k v.27  |l 1997  |m A14823513273 
952 f f |p ric  |a Texas A&M University  |b Rellis Campus  |c Joint Library Facility  |d Remote Storage  |t 0  |e T11 .J66  |h Library of Congress classification  |i unmediated -- volume  |k v.37  |l 2007  |m A14836421134 
952 f f |p ric  |a Texas A&M University  |b Rellis Campus  |c Joint Library Facility  |d Remote Storage  |t 0  |e T11 .J66  |h Library of Congress classification  |i unmediated -- volume  |k v.32  |l 2002  |m A14830653864 
952 f f |p ric  |a Texas A&M University  |b Rellis Campus  |c Joint Library Facility  |d Remote Storage  |t 0  |e T11 .J66  |h Library of Congress classification  |i unmediated -- volume  |k v.8  |l 1978  |m A14811133685 
952 f f |p ric  |a Texas A&M University  |b Rellis Campus  |c Joint Library Facility  |d Remote Storage  |t 0  |e T11 .J66  |h Library of Congress classification  |i unmediated -- volume  |k v.33  |l 2003  |m A14831462826 
952 f f |p ric  |a Texas A&M University  |b Rellis Campus  |c Joint Library Facility  |d Remote Storage  |t 0  |e T11 .J66  |h Library of Congress classification  |i unmediated -- volume  |k v.18-19  |l 1988-1989  |m A14812093090 
952 f f |p ric  |a Texas A&M University  |b Rellis Campus  |c Joint Library Facility  |d Remote Storage  |t 0  |e T11 .J66  |h Library of Congress classification  |i unmediated -- volume  |k v.2  |l 1972  |m A14839176306 
952 f f |p ric  |a Texas A&M University  |b Rellis Campus  |c Joint Library Facility  |d Remote Storage  |t 0  |e T11 .J66  |h Library of Congress classification  |i unmediated -- volume  |k v.4  |l 1974  |m A14839176021 
952 f f |p ric  |a Texas A&M University  |b Rellis Campus  |c Joint Library Facility  |d Remote Storage  |t 0  |e T11 .J66  |h Library of Congress classification  |i unmediated -- volume  |k v.10-11  |l 1980/1981  |m A14811935760 
952 f f |p ric  |a Texas A&M University  |b Rellis Campus  |c Joint Library Facility  |d Remote Storage  |t 0  |e T11 .J66  |h Library of Congress classification  |i unmediated -- volume  |k v.26  |l 1996  |m A14821226870 
952 f f |p ric  |a Texas A&M University  |b Rellis Campus  |c Joint Library Facility  |d Remote Storage  |t 0  |e T11 .J66  |h Library of Congress classification  |i unmediated -- volume  |k v.16-17  |l 1986-1987  |m A14811394744 
998 f f |a T11 .J66  |s v.1-44 (1971-2014)  |t 0  |l Remote Storage